000 00398nam a2200181Ia 4500
003 GCL
040 _aGCL /
_cGCL
082 0 4 _a759
_bN A
100 1 _aNOLDE, EMIL
245 1 0 _aAQUARLLE /
_cNOLDE, EMIL
260 _a[S.N] :
_bR. PIPER & CO. VERLAG ،
_c1957
300 _a52 P
650 0 4 _aDRAWING
650 0 4 _aPAINTING
650 0 4 _aGRAPHIC
650 0 4 _aART, GERMANY
942 _2ddc
_cBK
999 _c20632
_d20632